Las empresas y la innovación (Registro nro. 17211)

Detalles MARC
000 -LEADER
fixed length control field 00369 a2200121 4500
001 - CONTROL NUMBER
control field ART_2238
005 - DATE AND TIME OF LATEST TRANSACTION
control field 20260410161724.0
008 - FIXED-LENGTH DATA ELEMENTS--GENERAL INFORMATION
fixed length control field 260409a
100 1# - MAIN ENTRY--PERSONAL NAME
Personal name Samitier, María C. D. de
245 10 - TITLE STATEMENT
Title Las empresas y la innovación
700 1# - ADDED ENTRY--PERSONAL NAME
Personal name Samitier, Jorge A.
773 0# - HOST ITEM ENTRY
Title Administración de empresas
Related parts - Año XVIII, Nº 208 (jul. 1987)
Record control number REV2036

No hay ítems disponibles.